Top 20 Countries with the most Fighter Aircraft - Statistics

General Stats
  • This quiz has been taken 32 times
    4 since last reset
  • The average score is 15 of 20
Answer Stats
Hint Answer % Correct
1.44K China
100%
223 France
100%
127 Germany
100%
476 India
100%
239 Israel
100%
861 Russia
100%
136 Spain
100%
201 Turkey
100%
1.79K United States
100%
242 Egypt
67%
178 Greece
67%
188 Iran
67%
217 Japan
67%
341 North Korea
67%
331 Pakistan
67%
283 Saudi Arabia
67%
242 South Korea
67%
111 Algeria
33%
115 Qatar
33%
258 Taiwan
33%
No matching quizzes found
Score Distribution
Percent of People with Each Score
Percentile by Number Answered
Your Score History
You have not taken this quiz since the last reset